Anagramme - animaux - Statistiques

Statistiques générales
  • Ce quiz a été pris 274 fois
  • Le résultat moyen est 14 sur 20
Statistiques - réponses
Hint Réponse % Correct
IIWK Kiwi
97%
PNOA Paon
97%
NIECH Chien
96%
AECVH Vache
95%
FCRE Cerf
93%
AZELELG Gazelle
91%
OUEPLT Poulet
88%
EANRRD Renard
88%
PPAONLLI Papillon
86%
DDIEN Dinde
83%
AUOMNS Saumon
78%
RREEPOUTQ Perroquet
58%
ORCTAS Castor
50%
UOETTR Tortue
46%
ENAGIU Iguane
44%
AAACLP Alpaca
40%
OODNRC Condor
40%
NHOTACM Manchot
36%
AAEUIRLB Blaireau
25%
NALGORI Orignal
21%
Aucun quiz correspondant
Distribution des résultats
% des personnes avec chaque résultat
Percentile par nombre de réponses
Votre historique - résultats
Vous n’avez pas pris ce quiz